000 00339nam a2200133Ia 4500
008 240624s9999 xx 000 0 und d
041 _aeng
082 _a658.4013 MEA
100 _aMEANS JAN
245 _aFACILITATING THE PROJECT LIFECYCLE
260 _c2005
_aSan Francisco
_bJossey-Bass
300 _axxi, : 392p. ; 27cm.
365 _c
_b25
999 _c4610
_d4610